[Event "Sonderjysk EMT C"]
[Site "Sonderborg"]
[Date "2012.03.06"]
[Round "5"]
[White "Clausen, Susan"]
[Black "Helms, Morten"]
[Result "0-1"]
[WhiteElo "1448"]
[BlackElo "1454"]
[PlyCount "70"]
[EventDate "2012.01.17"]
[EventType "tourn"]
[EventRounds "7"]
[EventCountry "DEN"]
[SourceTitle "EXT 2023"]
[Source "ChessBase"]
[SourceDate "2022.10.05"]
[SourceVersion "1"]
[SourceVersionDate "2022.10.05"]
[SourceQuality "1"]

1. d4 e6 2. Nf3 d5 3. Bf4 Nc6 4. e3 Bd6 5. Ne5 Nxe5 6. dxe5 Bc5 7. c3 Ne7 8. Nd2 Ng6 9. Bg3 a5 10. Nf3 Bd7 11. Be2 Be7 12. Qc2 f5 13. h4 c6 14. h5 Nf8 15. a3 Qb6 16. Bf4 0-0-0 17. 0-0 Be8 18. Nd2 g5 19. hxg6 hxg6 20. Nf3 Qc7 21. b4 g5 22. Bg3 Ng6 23. Nd4 Bf7 24. f4 gxf4 25. exf4 Rdg8 26. c4 Nxe5 27. Qc3 Nxc4 28. Bxc4 dxc4 29. Bh2 c5 30. Nb5 Qb6 31. Qxc4 Rh7 32. g3 Kb8 33. bxa5 Qxa5 34. Rf2 Qb6 35. Rb1 Qc6 0-1

[Event "Sonderjysk EMT C"]
[Site "Sonderborg"]
[Date "2012.02.07"]
[Round "3"]
[White "Jensen, Scot Wolfgang"]
[Black "Helms, Morten"]
[Result "1/2-1/2"]
[WhiteElo "1436"]
[BlackElo "1454"]
[PlyCount "70"]
[EventDate "2012.01.17"]
[EventType "tourn"]
[EventRounds "7"]
[EventCountry "DEN"]
[SourceTitle "EXT 2023"]
[Source "ChessBase"]
[SourceDate "2022.10.05"]
[SourceVersion "1"]
[SourceVersionDate "2022.10.05"]
[SourceQuality "1"]

1. e4 e5 2. Nc3 Nf6 3. Qf3 Nc6 4. Bc4 Nd4 5. Qd3 c6 6. Nf3 Nxf3+ 7. Qxf3 d6 8. h3 Qe7 9. d3 h6 10. a3 Be6 11. Bxe6 Qxe6 12. Be3 Be7 13. g4 Nh7 14. Qf5 Qxf5 15. gxf5 Bf6 16. h4 Kd7 17. Ke2 Kc7 18. f4 b6 19. fxe5 dxe5 20. Kf3 Rhg8 21. Rag1 h5 22. Bg5 Kd6 23. Ne2 g6 24. d4 exd4 25. Bxf6 Nxf6 26. Nxd4 Rae8 27. Re1 Re5 28. Re2 a6 29. Rd1 Kc7 30. Kf4 Rge8 31. Rde1 c5 32. Nf3 R5e7 33. e5 Ng4 34. f6 Nxf6 35. Kg5 Ng4 1/2-1/2